Atrasada reinserción y transferencia de tierras
Guardat en:
| Format: | Text |
|---|---|
| Matèries: | |
| Etiquetes: |
Afegir etiqueta
Sense etiquetes, Sigues el primer a etiquetar aquest registre!
|
MARC
| LEADER | 00000 a a2200000 04500 | ||
|---|---|---|---|
| 001 | 5860 | ||
| 003 | |||
| 040 | |||
| 245 | |a Atrasada reinserción y transferencia de tierras | ||
| 650 | |a TIERRA | ||
| 650 | |a ADQUISICION DE TIERRAS | ||
| 650 | |a INFORMES | ||
| 650 | |a PRODUCCION | ||
| 650 | |a GOBIERNO | ||
| 650 | |a PARTIDOS POLITICOS | ||
| 773 | |g volumen 15, número 626; páginas 10-11 | ||
| 999 | |c 32280 |d 32280 | ||
